Szczegóły MARC21

Modellbildung in der Ökonomie : Modell - Information - Sprache /

005 -DATA I CZAS OSTATNIEJ MODYFIKACJI [,]
    • @
    • pole kontrolne
    • 20070315155141.9
020 -Międzynarod. znormalizowany nr książki - ISBN [ , ]
    • a
    • Numer ISBN
    • 3800619628 Find
040 -Instytucja sporządzająca opis [ , ]
    • a
    • Instytucja, która sporządziła opis (NP)
    • SZCZ U
    • c
    • Instytucja, która sporządziła rekord (NP)
    • SZCZ U
041 -Język dokumentu [0, ]
    • a
    • Język tekstu (P)
    • niemiecki
    • h
    • Język tekstu oryginalnego i/lub pośredniego (P)
    • ger
942 -Rodzaj dokumentu [ , ]
    • c
    • Rodzaj dokumentu
    • Książka
100 -Hasło główne - nazwa osobowa [ , ]
    • a
    • Nazwa osobowa (NP)
    • ZSCHOCKE, DIETRICH
245 -Strefa tytułu i oznaczenia odpowiedzialności [1, ]
    • a
    • Tytuł
    • Modellbildung in der Ökonomie : Find
    • b
    • Ciąg dalszy tytułu (NP)
    • Modell - Information - Sprache / Find
    • c
    • Pozostałe elementy strefy tytułu i oznaczenia odpowiedzialności (NP)
    • Dietrich Zschocke.
260 -Strefa adresu wydawniczego [ , ]
    • a
    • Miejsce wydania (P)
    • München :
    • b
    • Nazwa wydawcy (P)
    • F.Vahlen,
    • c
    • Data wydania (P)
    • 1995.
300 -Strefa opisu fizycznego [ , ]
    • a
    • Określenie formy książki i/lub objętość (NP)
    • XI, 345 s. :
    • b
    • Oznaczenie ilustracji (NP)
    • wykr. :
    • c
    • Format (NP)
    • 23 cm.
490 -Strefa serii i książki wielotomowej - forma nie do wyszukiwania [0, ]
    • a
    • Tytuł (P)
    • (Vahlens Handbücher der Wirtschafts- und Sozialwissenschaften) Find
500 -Uwaga ogólna [ , ]
    • a
    • Uwaga ogólna (NP)
    • Ind
080 -Uniwersalna Klasyfikacja Dziesiętna [ , ]
    • a
    • Symbol klasyfikacji
    • 330.4=30
080 -Uniwersalna Klasyfikacja Dziesiętna [ , ]
    • a
    • Symbol klasyfikacji
    • :519.86=30
980 -Symbol UKD [ , ]
    • a
    • UKD
    • 330.4:519.86]=30
920 -ISBN [ , ]
    • a
    • ISBN
    • 3-8006-1962-8 Find
Sygnatura Numer inwentarzowy Status udost. Lokalizacja Data inwentaryzacji
FUNDACJA POLSKO-NIEMIECKAS.87488-6BE2001-01-11
FUNDACJA POLSKO-NIEMIECKAS.87487-2BE2001-01-11